00751nam a2200181 a 450000100060000000300090000600800410001502000150005604000280007108200160009910000230011524500380013826000310017630000080020750503120021565000170052765000250054422657CO-ViMGA141112s2004 ck r 000 u spa d a9586908747 aCO-ViMGAbspacCO-ViMGA04a343.2 S153I1 aSaleilles, Raymond10aLa individualización de la pena aBogotá : bLeyer, c2005 a256 aPosicion del problema 21 - - la historia de la pena y la individualizacion de la pena 37 - - La escuela clasica y la falta de individualizacion 61 - - La escuela neoclasica y la individualizacion fundada en la responsabilidad 71 - - La escuela italiana y la individualizacion fundada sobre la temibilidad 9914aCRIMINOLOGIA14aPENA - DERECHO PENAL